00365nam a2200121Ia 4500008004100000041000800041100002200049245001400071260002200085650001500107999001900122952010200141231219s9999 xx 000 0 und d aeng aRogers and Grassi aRetailing bThe Dryden Press  aManagement c977438d977438 00104070aMCMbMCMd2023-12-21g895.00l0pMCM-56BB0003237r2023-12-21 00:00:00w2023-12-21yBK